Vector analysis with applications (Record no. 5838)

000 -LEADER
fixed length control field 00528nam a22002051 4500
001 - CONTROL NUMBER
control field 5838
003 - CONTROL NUMBER IDENTIFIER
control field BD-DhUET
008 - FIXED-LENGTH DATA ELEMENTS--GENERAL INFORMATION
fixed length control field 861017s1932 enka 000 0 eng c
020 ## - INTERNATIONAL STANDARD BOOK NUMBER
International Standard Book Number 8122405487
040 ## - CATALOGING SOURCE
Original cataloging agency DLC/ICU
Transcribing agency CGU
Modifying agency BD-DhUET
082 0# - DEWEY DECIMAL CLASSIFICATION NUMBER
Classification number 516.83
Item number ALI/1993
100 ## - MAIN ENTRY--PERSONAL NAME
Personal name Ali Ashraf, Md.
245 10 - TITLE STATEMENT
Title Vector analysis with applications
250 ## - EDITION STATEMENT
Edition statement 3rd ed.
260 ## - PUBLICATION, DISTRIBUTION, ETC. (IMPRINT)
Place of publication, distribution, etc. New Delhi
Name of publisher, distributor, etc. Wiley Eastern
Date of publication, distribution, etc. 1993
300 ## - PHYSICAL DESCRIPTION
Extent xv,308p.
Other physical details ill.
Dimensions 23 cm.
504 ## - BIBLIOGRAPHY, ETC. NOTE
Bibliography, etc Includes bibliographies
650 #0 - SUBJECT ADDED ENTRY--TOPICAL TERM
Topical term or geographic name as entry element Vector analysis
942 ## - ADDED ENTRY ELEMENTS (KOHA)
Koha item type General Book
Holdings
Price effective from Koha renewals Piece designation (barcode) Koha full call number Koha date last seen Damaged status Not for loan Koha normalized classification for sorting Lost status Sublocation or collection (holding branch) Source of classification or shelving scheme Shelving location Koha date last borrowed Koha out on loan Date acquired Koha issues (times borrowed) Location (home branch) Copy number Withdrawn status Koha item type
2014-11-29 87531516.83/ALI/19932022-12-13  516_830000000000000_ALI_1993 Central Library, BUET Circulation section2022-12-132022-12-272014-11-293Central Library, BUET8 General Book
2014-12-21187528516.83/ALI/19982025-05-13  516_830000000000000_ALI_1998 Central Library, BUET Circulation section2025-04-29 2014-12-2113Central Library, BUET2 General Book
2015-01-27 87530516.83/ALI/19982016-04-02  516_830000000000000_ALI_1998 Central Library, BUET Circulation section  2015-01-27 Central Library, BUET3 General Book
2015-01-31 48783516.83/ALI/19982025-11-30  516_830000000000000_ALI_1998 Central Library, BUET Circulation section2022-12-13 2015-01-316Central Library, BUET4 General Book
2015-02-11 94102516.83/ALI/19982020-11-03  516_830000000000000_ALI_1998 Central Library, BUET Circulation section2020-01-05 2015-02-115Central Library, BUET1 General Book
2015-04-11 87525516.83/ALI/19932025-11-18  516_830000000000000_ALI_1993 Central Library, BUET Circulation section2024-04-02 2015-04-118Central Library, BUET7 General Book
2015-04-23 87526516.83/ALI/19932025-11-29  516_830000000000000_ALI_1993 Central Library, BUET Circulation section2023-09-27 2015-04-236Central Library, BUET6 General Book
2015-05-03 87529516.83/ALI/19932022-05-25  516_830000000000000_ALI_1993 Central Library, BUET Circulation section2022-03-30 2015-05-032Central Library, BUET7 General Book
2015-06-07 87550516.83/ALI/19932015-06-07  516_830000000000000_ALI_1993 Central Library, BUET Reading section  2015-06-07 Central Library, BUET9 Reading Item
2015-06-07 92374516.83/ALI/19932015-06-07  516_830000000000000_ALI_1993 Central Library, BUET Reading section  2015-06-07 Central Library, BUET10 Reading Item
2015-06-08 94100516.83/ALI/19932015-06-08  516_830000000000000_ALI_1993 Central Library, BUET Reading section  2015-06-08 Central Library, BUET12 Reading Item
2015-06-14 87551516.83/ALI/19932015-06-14  516_830000000000000_ALI_1993 Central Library, BUET Reading section  2015-06-14 Central Library, BUET13 Reading Item
2015-09-02 87527516.83/ALI/19932017-03-04  516_830000000000000_ALI_1993 Central Library, BUET Circulation section  2015-09-02 Central Library, BUET14 General Book